000 00498nam a2200193Ia 4500
005 20260429111946.0
008 260429s9999||||xx |||||||||||||| ||und||
020 _a9788197092596
041 _aEnglish
082 _a551.41
_bLAL
100 _aLal, J.K.
245 0 _aRemote sensing in geomorphology /
_cJ.K. Lal
260 _aNew Delhi :
_bAsia Publishers,
_c2025.
300 _aviii, 288 p.; hb
650 _a Geology
650 _a Geomorphology
650 _aEarth science
942 _cTB
999 _c51624
_d51624